[Event "Budapest FS05 IM"]
[Site "Budapest"]
[Date "1997.??.??"]
[Round "9"]
[White "Toth, Andras"]
[Black "Abbasov, Farid"]
[Result "0-1"]
[WhiteElo "2245"]
[BlackElo "2220"]

1.e4 c5 2.Nf3 d6 3.d4 cxd4 4.Nxd4 Nf6 5.Nc3 Nc6 6.Bg5 e6 7.Qd2 a6 8.O-O-O Bd7
9.f3 b5 10.Kb1 h6 11.Be3 Rc8 12.g4 Ne5 13.Bd3 b4 14.Nce2 d5 15.exd5 Nxd5
16.Nf4 Nxd3 17.Qxd3 Nxe3 18.Qxe3 Bc5 19.Nh5 O-O 20.f4 Re8 21.Rhg1 e5 22.fxe5 Qg5
23.Qd3 Qxe5 24.Nf3 Qe4 25.Rg3 Bb5 26.Qxe4 Rxe4 27.g5 hxg5 28.Rxg5 Kf8 29.Ng3 Rf4
30.Ne5 Rd4 31.Rxd4 Bxd4 32.Rf5 f6 33.Nd3 Bg1 34.h4 Rc4 35.h5 Rh4 36.Kc1 Ke7
37.Nf1 Ke6 38.Rf3 Bxd3 39.Rxd3 Rxh5 40.Rg3 Bc5 41.Kd2 Rd5+ 42.Ke2 g5 43.Nd2 Kf5
44.Rf3+ Kg6 45.c4 bxc3 46.bxc3 g4 47.Rf1 f5 48.c4 Re5+ 49.Kd3 Re3+ 50.Kc2 Kg5
51.Nb3 Rxb3  0-1

[Event "Budapest FS02 IM"]
[Site "Budapest"]
[Date "1997.??.??"]
[Round "9"]
[White "Starostits, Ilmas"]
[Black "Madl, Ildiko"]
[Result "1-0"]
[WhiteElo "2230"]
[BlackElo "2365"]

1.e4 c5 2.Nf3 d6 3.d4 cxd4 4.Nxd4 Nf6 5.Nc3 Nc6 6.Bg5 e6 7.Qd2 a6 8.O-O-O Bd7
9.f3 Be7 10.Kb1 b5 11.h4 Qa5 12.g4 Ne5 13.h5 b4 14.Nce2 Nc4 15.Qc1 h6 16.Bh4 Rc8
17.Ng3 Bb5 18.g5 hxg5 19.Bxg5 Qb6 20.f4 d5 21.e5 Bc5 22.Nxb5 Be3 23.Bxc4 Bxc1
24.Nd6+ Kd7 25.Nxc8 Rxc8 26.exf6 gxf6 27.Bxf6 Bxf4 28.Ne2 Rxc4 29.Nxf4 Qf2
30.h6 Qxc2+ 31.Ka1 b3 32.Nd3 Ra4 33.Nc1 Qh7 34.Nxb3 Rf4 35.Be5 Rf5 36.Bc3 Rg5
37.Nc5+ Kc6 38.Rc1 Rg6 39.Nd3 Kb7 40.Bd2 Rg2 41.Nc5+ Ka8 42.Bf4 Qh8 43.Na4 e5
44.Rc8+  1-0

[Event "Budapest FS05 IM"]
[Site "Budapest"]
[Date "1997.??.??"]
[Round "10"]
[White "Karatorossian, David"]
[Black "Lopushnoy, Denis"]
[Result "1-0"]
[WhiteElo "2235"]
[BlackElo "2290"]

1.e4 c5 2.Nf3 Nc6 3.d4 cxd4 4.Nxd4 Nf6 5.Nc3 d6 6.Bg5 e6 7.Qd2 a6 8.O-O-O h6
9.Bf4 Bd7 10.Nxc6 Bxc6 11.f3 d5 12.Qe1 Bb4 13.e5 Nd7 14.a3 Ba5 15.Bd2 O-O
16.f4 f6 17.exf6 Qxf6 18.Kb1 Bc7 19.g3 b5 20.Bg2 Nb6 21.Be3 Nc4 22.Bd4 Qf7
23.Ka2 Bd6 24.Nb1 Qe7 25.Nd2 Rfc8 26.Nxc4 bxc4 27.Qe3 Re8 28.Rhe1 Qf7 29.Re2 Qf5
30.Rde1 Bb5 31.Bc3 Rac8 32.Qd4 Qf7 33.Rxe6 Rxe6 34.Rxe6  1-0

[Event "Budapest FS04 GM"]
[Site "Budapest"]
[Date "1997.??.??"]
[Round "11"]
[White "Almasi, Istvan"]
[Black "Cao Sang"]
[Result "0-1"]
[WhiteElo "2415"]
[BlackElo "2465"]

1.e4 c5 2.Nf3 Nc6 3.d4 cxd4 4.Nxd4 Nf6 5.Nc3 d6 6.Bg5 e6 7.Qd2 a6 8.O-O-O h6
9.Bh4 Nxe4 10.Qf4 Ng5 11.Nxc6 bxc6 12.Qa4 Qb6 13.Bd3 Rb8 14.f4 Nh7 15.Rhe1 Bd7
16.Nd5 Qb7 17.Re4 Qxb2+ 18.Kd2 Nf6 19.Bxf6 gxf6 20.Rxe6+ fxe6 21.Bg6+ Kd8
22.Qa5+ Rb6 23.Nxb6 Qb5 24.Qxb5 axb5 25.Nxd7 Kxd7 26.f5 e5 27.a4 bxa4 28.Ra1 d5
29.Rxa4 Bc5 30.Rg4 Kd6 31.Bf7 e4 32.Be6 Ke5 33.Rg7 Bb4+ 34.Ke2 Bd6 35.Bd7 c5
36.Bc6 Rc8 37.Bb7 Rc7 38.Rxc7 Bxc7 39.Bc8 Kd4 40.h3 Bf4 41.Be6 Ke5 42.g4 Bg5
43.Bf7 Bc1 44.Be6 Ba3 45.Bf7 Bb4 46.Be6 c4 47.Bf7 c3 48.Be6 d4 49.Bb3 Kf4
50.Kf2 d3  0-1

[Event "Budapest FS02 IM"]
[Site "Budapest"]
[Date "1997.??.??"]
[Round "12"]
[White "Kerek, Krisztian"]
[Black "Varga, Peter"]
[Result "1/2-1/2"]
[WhiteElo "2290"]
[BlackElo "2390"]

1.e4 c5 2.Nf3 Nc6 3.d4 cxd4 4.Nxd4 Nf6 5.Nc3 d6 6.Bg5 e6 7.Qd2 Be7 8.O-O-O h6
9.Be3 a6 10.f4 Nxd4 11.Bxd4 b5 12.Qe3 Bb7 13.Bxf6 gxf6 14.Bd3 Qc7 15.f5 b4
16.Ne2 e5 17.Kb1 Qc5 18.Qf3 O-O-O 19.c3 Kb8 20.cxb4 Qxb4 21.Nc3 Rc8 22.Nd5 Bxd5
23.exd5 a5 24.Rc1 Rxc1+ 25.Rxc1 Rc8 26.Rxc8+ Kxc8 27.Qe4 Kc7 28.Qxb4 axb4
29.Kc2 Kb6 30.Be4 Kc5  1/2-1/2

[Event "Cairo-B"]
[Site "Cairo"]
[Date "1997.??.??"]
[Round "4"]
[White "Sarwat, Walaa"]
[Black "Mohamed, Esam Ahmed Nagib"]
[Result "0-1"]
[WhiteElo "2360"]
[BlackElo "2340"]

1.e4 c5 2.Nf3 d6 3.d4 cxd4 4.Nxd4 Nf6 5.Nc3 Nc6 6.Bg5 e6 7.Qd2 a6 8.O-O-O h6
9.Be3 Be7 10.f4 Nxd4 11.Bxd4 b5 12.Bd3 b4 13.Ne2 e5 14.Bg1 Qa5 15.Kb1 O-O
16.h3 Rd8 17.Qe3 Bb7 18.g4 exf4 19.Qxf4 Qe5 20.Bd4 Qxf4 21.Nxf4 Nxe4 22.Rhe1 d5
23.Nxd5 Bxd5 24.Bxe4 Bh4 25.Bxd5 Rxd5 26.Re3 Bg5 27.Rb3 a5 28.c4 bxc3 29.bxc3 Be3
30.Ra3 a4 31.Kc2 Bg5 32.c4 Rd7 33.Bb6 Re7 34.c5 Re2+ 35.Kc3 h5 36.Kc4 hxg4
37.hxg4 Be7 38.Rd7 Kf8 39.Kb5 Rb2+ 40.Kc6 Ke8 41.Rd4 Rc8+ 42.Kb7 Rxc5 43.Raxa4 f5
44.gxf5 Rcb5 45.Ra6 Bc5 46.Re4+ Kf7 47.Re6 g5 48.Kc6 Bxb6 49.Rd6 Rc5+ 50.Kd7 Rc7+
51.Kd8 Rc6+ 52.Kd7 Rxd6+ 53.Kxd6 g4  0-1

[Event "Cairo-A"]
[Site "Cairo"]
[Date "1997.??.??"]
[Round "8"]
[White "Rahman, Yehya"]
[Black "El Ghazali, Youssef M"]
[Result "1/2-1/2"]
[WhiteElo "2345"]
[BlackElo "2275"]

1.e4 c5 2.Nf3 Nc6 3.d4 cxd4 4.Nxd4 Nf6 5.Nc3 d6 6.Bg5 e6 7.Qd2 Be7 8.O-O-O Nxd4
9.Qxd4 O-O 10.f4 Qa5 11.Bb5 Rd8 12.e5 dxe5 13.Qxe5 h6 14.Bh4 Ng4 15.Qh5 Nf6
16.Qe5 Ng4 17.Qh5 Nf6 18.Qe5 Ng4 19.Rxd8+ Qxd8 20.Bxe7 Qxe7 21.Qe2 Nf6 22.g4 Bd7
23.Bd3 Bc6 24.Re1 Qb4 25.Rf1 Qa5 26.h4 h5 27.g5 Ng4 28.g6 Qc5 29.gxf7+ Kxf7
30.Re1 Re8 31.Ne4 Bxe4 32.Qxe4 Re7 33.Bc4 Qc6 34.Qxc6 bxc6 35.f5 Kf6 36.fxe6 g6
37.Rf1+ Kg7 38.b4 Ne3 39.Rf4 Nxc4 40.Rxc4 Rxe6 41.a4 Kf6 42.Kb2 g5 43.hxg5+ Kxg5
44.Rc5+ Kg4 45.b5 cxb5 46.axb5 Re7 47.Rc8 Rh7 48.Rg8+ Kf3 49.Rf8+ Ke4 50.Kb3 h4
51.Re8+ Kd4 52.Kb4 h3 53.c3+ Kd3 54.Re1 Rh4+ 55.Kb3 h2 56.Rh1  1/2-1/2

[Event "Goodricke op"]
[Site "Calcutta"]
[Date "1997.??.??"]
[Round "2"]
[White "Ravi, Thandalam Shanmugam"]
[Black "Bakre, Tejas"]
[Result "1/2-1/2"]
[WhiteElo "2400"]
[BlackElo "2205"]

1.e4 c5 2.Nf3 d6 3.d4 cxd4 4.Nxd4 Nf6 5.Nc3 Nc6 6.Bg5 e6 7.Qd2 a6 8.O-O-O Bd7
9.f4 b5 10.Bxf6 gxf6 11.Nxc6 Bxc6 12.Qe1 Qa5 13.Kb1 Be7 14.Bd3 b4 15.Ne2 Qc5
16.Nc1 a5 17.Nb3 Qb6 18.Bc4 a4 19.Nd4 Bd7 20.f5 e5 21.Ne2 Rc8 22.Bd5 Bd8
23.Rf1 Qc5 24.Qd2 Bb5 25.Rf3 Ba5 26.b3 Ke7 27.Ng3 h5 28.Nf1 Bb6 29.Ne3 Qc3
30.Nc4 Qxd2 31.Rxd2 Bxc4 32.Bxc4 a3 33.Rg3 Rcg8 34.Rxg8 Rxg8 35.h3 Rg3 36.Re2 h4
37.Kc1  1/2-1/2

[Event "Goodricke op"]
[Site "Calcutta"]
[Date "1997.??.??"]
[Round "3"]
[White "Bakre, Tejas"]
[Black "Ooi Chern Ee"]
[Result "1/2-1/2"]
[WhiteElo "2205"]
[BlackElo "2305"]

1.e4 c5 2.Nf3 d6 3.d4 cxd4 4.Nxd4 Nf6 5.Nc3 Nc6 6.Bg5 e6 7.Qd2 Be7 8.O-O-O O-O
9.f4 Nxd4 10.Qxd4 Qa5 11.Bc4 Bd7 12.e5 dxe5 13.fxe5 Bc6 14.Bd2 Nd7 15.Nd5 Qd8
16.Nxe7+ Qxe7 17.Rhe1 Rfd8 18.Qg4 Nf8 19.Bd3 Rxd3 20.cxd3 Qd7 21.Bb4 Ng6
22.Bd6 f5 23.Qe2 Bd5 24.Kb1 Qa4 25.b3 Qb5 26.g3 a5 27.Rc1 a4 28.Rc5 Qb6 29.Qe3 Bc6
30.Rc4 Qb5 31.b4 Rd8 32.Qc5 Qa6 33.Qa5 Qxa5 34.bxa5 Ra8 35.Bc7 Ne7 36.Rec1 Kf7
37.Kb2 Ke8 38.Rc5 Kd7 39.Bd6 Nd5 40.a3 Rc8 41.h4 g6 42.Rf1 h6 43.Rf2 Ne3
44.Rc1  1/2-1/2

[Event "Goodricke op"]
[Site "Calcutta"]
[Date "1997.??.??"]
[Round "3"]
[White "Malisauskas, Vidmantas"]
[Black "Shetty, Rahul"]
[Result "1-0"]
[WhiteElo "2530"]
[BlackElo "2335"]

1.e4 c5 2.Nf3 Nc6 3.d4 cxd4 4.Nxd4 Nf6 5.Nc3 d6 6.Bg5 e6 7.Qd2 a6 8.O-O-O h6
9.Bf4 Bd7 10.Nxc6 Bxc6 11.Qe2 Qa5 12.Bxd6 Bxd6 13.Rxd6 Qe5 14.Rd2 O-O 15.f3 b5
16.Qe3 b4 17.Nd1 a5 18.Nf2 Rfc8 19.Nd3 Qb8 20.Kb1 a4 21.Be2 Ra7 22.Rhd1 Rac7
23.Qd4 b3 24.cxb3 axb3 25.a3 Bb5 26.Nb4 Bxe2 27.Rxe2 Rd7 28.Qg1 Qxh2 29.Ree1 Qg3
30.Rxd7 Nxd7 31.Re3 Ne5 32.Rxb3 Rd8 33.Ka2 Rd2 34.Qc5 Rxg2 35.Nc6 Nxc6 36.Qxc6 Qf4
37.a4 Rg1 38.a5 Qd2 39.a6 Qd1 40.Ra3 Qb1+ 41.Kb3 Rf1 42.Qc3 Qd1+ 43.Kc4 Qe2+
44.Kb4 Rb1 45.Ra2 Qf2 46.a7 Qb6+ 47.Kc4 Qc6+ 48.Kb3 Qb5+ 49.Kc2  1-0

[Event "Goodricke op"]
[Site "Calcutta"]
[Date "1997.??.??"]
[Round "10"]
[White "Kaiumov, Dmitry D"]
[Black "Murugan, Krishnamoorthy"]
[Result "1/2-1/2"]
[WhiteElo "2450"]
[BlackElo "2395"]

1.e4 c5 2.Nf3 Nc6 3.d4 cxd4 4.Nxd4 Nf6 5.Nc3 d6 6.Bg5 e6 7.Qd2 a6 8.O-O-O h6
9.Be3 Be7 10.f4 Nxd4 11.Bxd4 b5 12.Bd3 Qa5 13.Kb1 b4 14.Ne2 e5 15.Bf2 Be6
16.Nc1 O-O 17.f5 Bc8 18.Nb3 Qc7 19.Qe2 Bb7 20.Nd2 a5 21.c4 bxc3 22.Rc1 d5
23.Rxc3 Qb8 24.Bc5 Bxc5 25.Rxc5 Rc8 26.Rxc8+  1/2-1/2

[Event "California-ch"]
[Site "California"]
[Date "1997.??.??"]
[Round "6"]
[White "Izumikawa, Burt"]
[Black "Margulis, Isaak"]
[Result "1-0"]
[WhiteElo "2395"]
[BlackElo "2270"]

1.e4 c5 2.Nf3 d6 3.d4 cxd4 4.Nxd4 Nf6 5.Nc3 Nc6 6.Bg5 e6 7.Qd2 a6 8.O-O-O Bd7
9.f4 Rc8 10.Be2 Be7 11.Nf3 Qa5 12.Kb1 b5 13.Bd3 O-O 14.e5 b4 15.Ne4 dxe5
16.Nxf6+ gxf6 17.Bh6 Rfd8 18.Qf2 exf4 19.Qh4 f5 20.Qxf4 Bf6 21.Bg5 Bg7 22.Bxd8 Qxd8
23.Qh4 Bf6 24.Qg3+ Bg7 25.Qg5 Qc7 26.Rhe1 a5 27.g4 h6 28.Qh4 Qf4 29.gxf5 Qxh4
30.Nxh4 Ne5 31.Rg1 Kf8 32.fxe6 Bxe6 33.Nf5 Bf6 34.Nxh6 Rc5 35.Rg8+ Ke7 36.Ra8 Bg7
37.Ng8+ Kd6 38.Bc4+ Kc6 39.Bxe6 fxe6 40.Rc8+ Kb5 41.Rxc5+ Kxc5 42.Rg1 Bh8
43.Kc1 Nf3 44.Rg2 Be5 45.h3 a4 46.b3 a3 47.Rg4 Nd4 48.Kd2 Nb5 49.Rc4+ Kd6
50.Ke3 Nc3 51.Rxc3 Bxc3 52.Ke4 Bg7 53.h4 Kd7 54.h5 Ke8 55.h6 Bc3 56.h7 Kf7
57.Kd3 Kg7 58.Ne7 Kxh7 59.Nc6 Kg6 60.Kc4 Kf5 61.Nxb4 Bxb4 62.Kxb4 Kf4 63.c4 e5
64.c5 e4 65.c6 e3 66.c7 e2 67.c8=Q e1=Q+ 68.Kxa3 Qa5+ 69.Kb2 Qd2+ 70.Qc2 Qd4+
71.Kb1 Qb6 72.a4 Ke5 73.Qh2+ Kd5 74.Ka2 Qd4 75.Qc2 Qb4 76.Qd3+ Kc5 77.Kb2 Qf4
78.Qb5+  1-0

[Event "Cannes op 18th"]
[Site "Cannes"]
[Date "1997.??.??"]
[Round "4"]
[White "Xie Jun"]
[Black "Aleksieva, Silvia"]
[Result "1/2-1/2"]
[WhiteElo "2500"]
[BlackElo "2285"]

1.e4 c5 2.Nf3 Nc6 3.d4 cxd4 4.Nxd4 Nf6 5.Nc3 d6 6.Bg5 e6 7.Qd2 Be7 8.O-O-O Nxd4
9.Qxd4 O-O 10.f4 Qa5 11.Kb1 Rd8 12.Qd2 Bd7 13.Bd3 h6 14.Bxf6 Bxf6 15.Nd5 Qxd2
16.Nxf6+ gxf6 17.Rxd2 Bc6 18.Re1 Kf8 19.Re3 Ke7 20.Kc1 Rg8 21.Rf2 Rg7 22.Be2 Rag8
23.g3 Rc8 24.Bf3 Rgg8 25.Rd2 Rgd8 26.Kd1 b6 27.Ke1 Bb5 28.Kf2 Rc5 29.b3 Ba6
30.Bd1 Rdc8 31.Rd4 b5 32.Red3 R8c6 33.b4 Rc3 34.Rxc3 Rxc3 35.Rd3 Rc6 36.Ra3 Kd8
37.g4 Bb7 38.Rxa7 Kc7 39.Ra5 Kb6 40.Be2 Rxc2 41.Rxb5+ Kc7 42.Ra5 Bxe4 43.Ke3 f5
44.gxf5 Bxf5 45.a4 Rc3+ 46.Kd4 Rc2 47.Bf3 Rd2+ 48.Ke3 Rd3+ 49.Ke2 Rb3 50.Ra7+ Kc8
51.b5 d5 52.Rxf7 Ra3 53.Kf2 Rxa4 54.Bxd5 Rxf4+ 55.Kg3 Rb4 56.Bb7+ Kb8 57.Bc6 Rc4
58.h4 h5 59.Rg7 Kc8 60.Bf3 Rb4 61.Be2 Kb8 62.Bxh5 Rxb5 63.Bf3 Rb4 64.Bc6  1/2-1/2

[Event "Cannes op 18th"]
[Site "Cannes"]
[Date "1997.??.??"]
[Round "6"]
[White "Landenbergue, Claude"]
[Black "Molnar, Bela"]
[Result "0-1"]
[WhiteElo "2420"]
[BlackElo "2380"]

1.e4 c5 2.Nf3 Nc6 3.d4 cxd4 4.Nxd4 Nf6 5.Nc3 d6 6.Bg5 Bd7 7.Be2 Qa5 8.Bxf6 gxf6
9.O-O Nxd4 10.Qxd4 Rc8 11.Nd5 Qc5 12.Qd2 f5 13.exf5 Bxf5 14.c4 a5 15.Rfe1 Be6
16.Bh5 Kd8 17.Rac1 Rg8 18.a3 a4 19.Nf4 Rg5 20.Bf3 Qa5 21.Nxe6+ fxe6 22.Qd3 Qf5
23.Qd1 Bg7 24.b3 b5 25.cxb5 Rxc1 26.Qxc1 axb3 27.b6 Qc5 28.Qd2 Bc3 29.b7 Kc7
30.Rxe6 Bxd2 31.Rxe7+ Kd8  0-1

[Event "Cannes op 18th"]
[Site "Cannes"]
[Date "1997.??.??"]
[Round "9"]
[White "Molnar, Bela"]
[Black "Mantovani, Renzo"]
[Result "1-0"]
[WhiteElo "2380"]
[BlackElo "2365"]

1.e4 c5 2.Nf3 d6 3.d4 cxd4 4.Nxd4 Nf6 5.Nc3 Nc6 6.Bg5 e6 7.Qd2 Be7 8.O-O-O Nxd4
9.Qxd4 O-O 10.Kb1 Bd7 11.h4 Bc6 12.f3 Qc7 13.h5 h6 14.Bh4 Rfc8 15.g4 Ne8
16.Qf2 Bxh4 17.Qxh4 Qd8 18.Qg3 Qf6 19.Rh2 b5 20.Nxb5 Rab8 21.Nd4 a5 22.Rg2 Bd7
23.f4 e5 24.fxe5 Qxe5 25.Qxe5 dxe5 26.Nf3 Bc6 27.Bd3 Nf6 28.Re1 Re8 29.Nh4 Kf8
30.Nf5 Red8 31.Kc1 Nh7 32.Ne3 a4 33.Nd5 Ng5 34.c4 f6 35.Kc2 Rdc8 36.Kc3 Ne6
37.Rf2 Nc5 38.Rb1 Kf7 39.b4 axb3 40.axb3 Bd7 41.Rg2 Rb7 42.b4 Ne6 43.Ra1 Nd4
44.Raa2 Nb5+ 45.Kd2 Nd4 46.c5 Ke8 47.Kc3 Kd8 48.Ba6  1-0

[Event "Wch U14"]
[Site "Cannes"]
[Date "1997.??.??"]
[Round "9"]
[White "Dominguez Perez, Lenier"]
[Black "Sargissian, Gabriel"]
[Result "1/2-1/2"]
[WhiteElo "2190"]
[BlackElo "2335"]

1.e4 c5 2.Nf3 Nc6 3.d4 cxd4 4.Nxd4 Nf6 5.Nc3 d6 6.Bg5 e6 7.Qd2 Be7 8.O-O-O O-O
9.f4 Nxd4 10.Qxd4 Qa5 11.Bc4 Bd7 12.e5 dxe5 13.fxe5 Bc6 14.Bd2 Nd7 15.Nd5 Qd8
16.Nxe7+ Qxe7 17.Rhe1 Rfd8 18.Qg4 Nf8 19.Bd3 Rxd3 20.cxd3 Qd7 21.Bb4 Qd5
22.Bxf8 Rxf8 23.Kb1 Qxg2 24.Qxg2 Bxg2 25.Rg1 Bc6 26.Kc2 Rd8 27.Rg3 Rd4 28.Rdg1 g6
29.Rg4 Rd5 30.d4 f5 31.exf6 Rf5 32.h4 Kf7 33.R1g3 Kxf6 34.Kd3 Rf2 35.Kc3 Bd5
36.a3 a5 37.a4 Bc6 38.b3 Bd5 39.Rg5 Rh2 40.R5g4 Rf2 41.Rg5 Rf5 42.R5g4 b6
43.Rg5 Kf7 44.h5 Rxg5 45.Rxg5 gxh5 46.Rxh5 Kg6 47.Rh3 h5 48.Kd2 Kg5 49.Ke2 h4
50.Kf2 Kg4 51.Rc3 Kf4 52.Rh3 Ke4 53.Ke2 Kxd4 54.Kd2  1/2-1/2

[Event "Cappelle op"]
[Site "Cappelle la Grande"]
[Date "1997.??.??"]
[Round "1"]
[White "Aleksieva, Silvia"]
[Black "Relange, Eloi"]
[Result "1-0"]
[WhiteElo "2285"]
[BlackElo "2480"]

1.e4 c5 2.Nf3 d6 3.d4 cxd4 4.Nxd4 Nf6 5.Nc3 Nc6 6.Bg5 e6 7.Qd2 a6 8.O-O-O h6
9.Be3 Be7 10.f3 Qc7 11.g4 Ne5 12.h4 b5 13.Qg2 b4 14.Nb1 Bb7 15.g5 hxg5 16.hxg5 Rxh1
17.Qxh1 Nfd7 18.f4 Rc8 19.Rd2 Nc4 20.Bxc4 Qxc4 21.c3 Qc7 22.g6 Nf8 23.gxf7+ Kxf7
24.f5 Bf6 25.fxe6+ Nxe6 26.Qh5+ g6 27.Qh7+ Ng7 28.Rf2 Bxe4 29.Bh6 Bf5 30.Bxg7 Bg5+
31.Nd2 Be3 32.Bh6+ Ke8 33.Qg8+ Ke7 34.Nxf5+ gxf5 35.Qg7+ Ke6 36.Qg6+  1-0

[Event "Cappelle op"]
[Site "Cappelle la Grande"]
[Date "1997.??.??"]
[Round "3"]
[White "Herrera, Irisberto"]
[Black "Epishin, Vladimir"]
[Result "1/2-1/2"]
[WhiteElo "2450"]
[BlackElo "2600"]

1.e4 c5 2.Nf3 d6 3.d4 cxd4 4.Nxd4 Nf6 5.Nc3 Nc6 6.Bg5 e6 7.Qd2 a6 8.O-O-O Nxd4
9.Qxd4 Be7 10.f4 b5 11.Bd3 Bb7 12.Kb1 O-O 13.Rhe1 h6 14.Bh4 Qc7 15.h3 Rfd8
16.Qf2 Qc5 17.Qe2 b4 18.Na4 Qc7 19.Qf2 Rab8 20.b3 Bc6 21.Nb2 Bb5 22.g4 Qc5
23.Qxc5 dxc5 24.Bf2 Kf8 25.Kc1 Ke8 26.Nc4 Nd7 27.Re2 Nb6 28.Nxb6  1/2-1/2

[Event "Castellaneta op"]
[Site "Castellaneta"]
[Date "1997.??.??"]
[Round "?"]
[White "Ciampi, Vincenzo"]
[Black "Ambrosio, Giuseppe"]
[Result "1/2-1/2"]
[WhiteElo "2165"]
[BlackElo "2095"]

1.e4 c5 2.Nf3 Nc6 3.d4 cxd4 4.Nxd4 Nf6 5.Nc3 d6 6.Bg5 Bd7 7.Qd2 Rc8 8.f3 Nxd4
9.Qxd4 Qa5 10.Be3 a6 11.Be2 g6 12.O-O Bg7 13.Rac1 O-O 14.Qd2 Qc7 15.Rfd1 Be6
16.Nd5 Nxd5 17.exd5 Bf5 18.c4 h5 19.b4 b6 20.a3 Rb8 21.h3 a5 22.g4 hxg4 23.hxg4 Bd7
24.Kg2 f5 25.g5 Kf7 26.Bd4 Bxd4 27.Qxd4 Rh8 28.Rh1 Qd8 29.f4 Qg8 30.Rxh8 Qxh8
31.Qxh8 Rxh8 32.bxa5 bxa5 33.Rb1 Rc8 34.Rb7 Ba4 35.Kf3 Rc5 36.Ke3 Rc8 37.Ra7 Rc5
38.Ra8 Kg7 39.Bd3 Kf7 40.Kd4 Kg7  1/2-1/2

[Event "Ceske Budejovice op"]
[Site "Ceske Budejovice"]
[Date "1997.??.??"]
[Round "5"]
[White "Slugin, Sergey"]
[Black "Tomescu, Vlad"]
[Result "1-0"]
[WhiteElo "2305"]
[BlackElo "2410"]

1.e4 c5 2.Nf3 Nc6 3.d4 cxd4 4.Nxd4 Nf6 5.Nc3 d6 6.Bg5 e6 7.Bb5 Bd7 8.Bxc6 bxc6
9.Qf3 e5 10.Nf5 Bxf5 11.Qxf5 Be7 12.O-O g6 13.Qf3 Nh5 14.Be3 O-O 15.Bh6 Re8
16.Ne2 Rb8 17.b3 Ng7 18.Bxg7 Kxg7 19.c4 Qa5 20.a3 f5 21.b4 fxe4 22.Qxe4 Qc7
23.Rab1 a6 24.a4 Red8 25.Nc3 Bf6 26.Rfd1 Rbc8 27.Rd3 Qf7 28.Rbd1 Qe6 29.h3 h5
30.Rg3 Qf7 31.Rgd3 Qe6 32.Ne2 Kf7 33.Ng3 h4 34.Nf1 Bg5 35.Nh2 Bf4 36.Nf1 Ke7
37.Ne3 Kf7 38.b5 axb5 39.axb5 cxb5 40.cxb5 Bxe3 41.Qxe3 Kg7 42.Rd5 Qf6 43.b6 Rb8
44.Qa3 Ra8 45.Qb4 Ra2 46.Rf1 Qf4 47.Qb3 Qa4 48.Qd3 Qc2 49.Qe3 Qc6 50.Rfd1 Rd7
51.Qb3 Rc2 52.Rb5 Rc1 53.Rb4 Rb7 54.Rxc1 Qxc1+ 55.Kh2 Qc5 56.Qb2 Kf6 57.Rb3 Kg7
58.Kg1 Qd4 59.Qxd4 exd4 60.Kf1 Kf6 61.Ke2 Ke6 62.Kd3 Kd5 63.g3 g5 64.gxh4 gxh4
65.f4 Kc6 66.Kxd4 Rxb6 67.Rxb6+ Kxb6 68.Kd5 Kc7 69.Ke6  1-0

[Event "Ceske Budejovice op"]
[Site "Ceske Budejovice"]
[Date "1997.??.??"]
[Round "6"]
[White "Belaska, Premysl"]
[Black "Tolstikh, Nikolay"]
[Result "1-0"]
[WhiteElo "2280"]
[BlackElo "2405"]

1.e4 c5 2.Nf3 Nc6 3.d4 cxd4 4.Nxd4 Nf6 5.Nc3 d6 6.Bg5 e6 7.Qd2 a6 8.O-O-O Bd7
9.f3 Rc8 10.g4 h5 11.gxh5 Be7 12.h6 gxh6 13.Nxc6 Rxc6 14.Bxh6 Rxc3 15.bxc3 Qa5
16.Kb1 Nh5 17.Bc4 Rxh6 18.Qxh6 Qxc3 19.Rhg1 Ba4 20.Bb3 Bxb3 21.axb3 Bf6 22.Kc1 Qb2+
23.Kd2 Qc3+ 24.Ke2 Qe5 25.h3 d5 26.Rg4 Qh2+ 27.Ke3 Qxc2 28.Rg8+ Kd7 29.Qxh5 d4+
30.Kf4 Qxd1 31.Qxf7+ Kd6 32.Qf8+ Be7 33.e5+ Kc6 34.Qc8+ Kb5 35.Qxb7+ Ka5
36.Qc7+ Kb4 37.Qxe7+ Kc3 38.Qc5+ Kb2 39.Rg2+ Kb1 40.Qa3  1-0

[Event "Chicago op"]
[Site "Chicago"]
[Date "1997.??.??"]
[Round "4"]
[White "Andrews, Todd D"]
[Black "Chow, Albert"]
[Result "0-1"]
[WhiteElo "2040"]
[BlackElo "2290"]

1.e4 c5 2.Nf3 d6 3.d4 Nf6 4.Nc3 cxd4 5.Nxd4 Nc6 6.Bg5 e6 7.Qd2 a6 8.O-O-O h6
9.Be3 Be7 10.f4 Nxd4 11.Bxd4 b5 12.Qe3 Qc7 13.Kb1 b4 14.Na4 Bb7 15.Bd3 O-O
16.Nb6 Rab8 17.e5 dxe5 18.Bxe5 Ng4 19.Bxc7 Nxe3 20.Bxb8 Nxd1 21.Nd7 Nf2 22.Nxf8 Nxh1
23.Nd7 Nf2 24.Be2 Bxg2 25.Bxa6 Ng4 26.c4 bxc3 27.bxc3 Nxh2 28.f5 Ng4 29.fxe6 fxe6
30.c4 Bf1 31.Kb2 h5 32.Kc3 h4 33.Bb7 h3 34.a4 Bg2 35.Bc8 e5 36.Nxe5 Nxe5
37.Bxh3 Bxh3 38.Bxe5 Bc8 39.Kd4 Kf7 40.c5 Bb7 41.Kc4 Bc6 42.a5 g5 43.a6 Ke6
44.Bb8 g4  0-1

[Event "Capablanca 32th Premier-A"]
[Site "Cienfuegos"]
[Date "1997.??.??"]
[Round "5"]
[White "De la Paz, Frank"]
[Black "Vera, Reynaldo"]
[Result "0-1"]
[WhiteElo "2395"]
[BlackElo "2510"]

1.e4 c5 2.Nf3 d6 3.d4 cxd4 4.Nxd4 Nf6 5.Nc3 Nc6 6.Bg5 a6 7.Qd2 e6 8.O-O-O Nxd4
9.Qxd4 Be7 10.f4 b5 11.Bxf6 gxf6 12.e5 d5 13.Kb1 Bb7 14.Qe3 Qc7 15.exf6 Bxf6
16.Ne2 d4 17.Nxd4 O-O-O 18.Be2 Qc5 19.c3 Bxg2 20.Rhg1 Bb7 21.Bf3 Rd7 22.Bxb7+ Kxb7
23.Qe4+ Qd5 24.Nxe6 Qxe4+  0-1

[Event "KS Sommerskak op"]
[Site "Copenhagen"]
[Date "1997.??.??"]
[Round "?"]
[White "Carlsson, Daniel"]
[Black "Thorhallsson, Throstur"]
[Result "1-0"]
[WhiteElo "2240"]
[BlackElo "2500"]

1.e4 c5 2.Nf3 d6 3.d4 cxd4 4.Nxd4 Nf6 5.Nc3 Nc6 6.Bg5 e6 7.Qd2 a6 8.O-O-O h6
9.Bf4 Bd7 10.Nb3 b5 11.f3 b4 12.Na4 d5 13.Kb1 Be7 14.Nac5 Bc8 15.Qe1 O-O
16.h4 a5 17.Na4 Bd7 18.Nbc5 Bxc5 19.Nxc5 a4 20.Bg5 Bc8 21.e5 hxg5 22.hxg5 Nh5
23.g4 g6 24.f4 b3 25.cxb3 axb3 26.gxh5 Qb6 27.Nxb3 Qa7 28.Nc1 Rb8 29.Rd2 Nb4
30.hxg6 fxg6 31.Rdh2 Qg7 32.Qe3 Ba6 33.Bxa6 Nxa6 34.Rh7 Qxh7 35.Rxh7 Kxh7
36.Qa7+ Kg8 37.Qxa6 Rxf4 38.Qxe6+ Kg7 39.Qe7+ Rf7 40.Qd6 Rc8 41.e6 Rfc7 42.Nd3 Rc4
43.e7 Kf7 44.Qf6+ Ke8 45.a4 d4 46.Ne5  1-0

[Event "Cseppko op"]
[Site "Cseppko"]
[Date "1997.??.??"]
[Round "5"]
[White "Turzo, Attila"]
[Black "Varga, Peter"]
[Result "1/2-1/2"]
[WhiteElo "2370"]
[BlackElo "2390"]

1.e4 c5 2.Nf3 Nc6 3.d4 cxd4 4.Nxd4 Nf6 5.Nc3 d6 6.Bg5 e6 7.Qd2 a6 8.O-O-O h6
9.Be3 Nxd4 10.Bxd4 b5 11.f3 Be7 12.Kb1 e5 13.Be3 Be6 14.g4 Qa5 15.h4 Rc8
16.Rg1 Nd7 17.g5 hxg5 18.hxg5 Nb6 19.Bxb6 Qxb6 20.g6 Kf8 21.Be2 Qa5 22.Rh1 Rxh1
23.Rxh1 fxg6 24.a3 Kg8 25.Bf1 Rb8 26.Qh2 Kf7 27.Nd5 b4 28.Qd2 Bxd5 29.exd5 Qa4
30.axb4 Rxb4 31.Bh3 Bf6 32.Qe3 Qb5  1/2-1/2

[Event "MSS-ch"]
[Site "CZE"]
[Date "1997.??.??"]
[Round "?"]
[White "Belunek, Vladimir"]
[Black "Firt, Stanislav"]
[Result "0-1"]
[WhiteElo "2245"]
[BlackElo "2345"]

1.e4 c5 2.Nf3 d6 3.d4 cxd4 4.Nxd4 Nf6 5.Nc3 Nc6 6.Bg5 e6 7.Qd2 a6 8.O-O-O Bd7
9.f4 Be7 10.Nf3 b5 11.Bxf6 gxf6 12.g3 Qb6 13.Bg2 O-O-O 14.Rhe1 Kb8 15.Nd4 Nxd4
16.Qxd4 Qxd4 17.Rxd4 Ka7 18.a4 bxa4 19.Nxa4 Rc8 20.Nc3 h5 21.Bf3 h4 22.g4 Bc6
23.Nd5 Bd8 24.Nb4 Bb5 25.c3 Bb6 26.Rd2 a5 27.Nc2 Bc5 28.Nd4 Bc4 29.Kc2 Kb6
30.Be2 Bxe2 31.Rexe2 h3 32.Nf3 Rc7 33.Rd3 a4 34.g5 fxg5 35.Nxg5 Rh4 36.f5 Rg4
37.Nxh3 a3 38.bxa3 exf5 39.exf5 Ra4 40.Ng5 Rxa3 41.Ne4 Re7 42.Rdd2 Re5 43.Nxd6 Ra2+
44.Kb3 Rxe2 45.Rxa2 Rxa2 46.Nc8+ Kc7 47.Kxa2 Kxc8 48.Kb3 Kc7 49.Kc4 Kd6 50.h4 Bf2
51.h5 Ke5 52.h6 Bh4 53.Kc5 Kxf5 54.Kd6 Kg6  0-1

[Event "MSS-ch"]
[Site "CZE"]
[Date "1997.??.??"]
[Round "?"]
[White "Blazkova, Petra"]
[Black "Firt, Stanislav"]
[Result "1-0"]
[WhiteElo "2220"]
[BlackElo "2345"]

1.e4 c5 2.Nf3 d6 3.d4 cxd4 4.Nxd4 Nf6 5.Nc3 Nc6 6.Bg5 e6 7.Qd2 a6 8.O-O-O Bd7
9.f4 b5 10.e5 dxe5 11.fxe5 Nxe5 12.Re1 Nc6 13.Nf5 Qa5 14.Nd6+ Bxd6 15.Qxd6 Rc8
16.Bxf6 gxf6 17.Rd1 Qc7 18.Ne4 Qxd6 19.Nxd6+ Ke7 20.Nxc8+ Rxc8 21.a4 bxa4
22.Bxa6 Rb8 23.Rhf1 Ne5 24.Rf4 Bc6 25.g3 f5 26.Be2 Be4 27.Rd4 Ra8 28.Rh4 a3
29.bxa3 Rxa3 30.Rxh7 Ra2 31.Bd1 Bd5 32.Rhh4 Ng6 33.Rh7 Ne5 34.Rxd5 exd5 35.Be2 Nc4
36.Bxc4 dxc4 37.Kd2 f4 38.gxf4 Ra3 39.c3 Ke6 40.Rh4 f5 41.Rh8 Kd7 42.h4 Ra6
43.h5 Rd6+ 44.Ke2 Ke7 45.Rh7+ Ke8 46.Rc7 Rh6 47.Rxc4 Rxh5 48.Ke3 Kd7 49.Kd4 Kd6
50.Ra4 Rh1 51.Ra6+ Kc7 52.Rf6 Rd1+ 53.Kc5 Ra1 54.c4 Kd7 55.Kd5 Rd1+ 56.Ke5 Re1+
57.Kxf5 Rc1 58.Rf7+ Kd8 59.Ke6 Rxc4 60.Rf8+ Kc7 61.f5 Re4+ 62.Kf7 Kd7 63.f6 Re1
64.Ra8 Rh1 65.Ra2 Rh4 66.Rd2+ Kc7 67.Kg8 Rg4+ 68.Kf8 Rg5 69.f7 Rg4 70.Rd5 Kc6
71.Rd8 Kc7 72.Rd3 Kc6 73.Ke7 Re4+ 74.Kf6 Rf4+ 75.Ke6 Kc7 76.Rd7+ Kc6 77.Rd8  1-0

[Event "MSS-ch"]
[Site "CZE"]
[Date "1997.??.??"]
[Round "?"]
[White "Firt, Stanislav"]
[Black "Sleich, Jan"]
[Result "1/2-1/2"]
[WhiteElo "2345"]
[BlackElo "2210"]

1.e4 c5 2.Nf3 d6 3.d4 cxd4 4.Nxd4 Nf6 5.Nc3 Nc6 6.Bg5 e6 7.Qd2 a6 8.O-O-O h6
9.Bf4 Bd7 10.Nxc6 Bxc6 11.Qe1 Qc7 12.h4 O-O-O 13.Rh3 Be7 14.Rhd3 Rd7 15.f3 Rhd8
16.g3 Nh5 17.Be3 d5 18.exd5 Bxd5 19.Nxd5 Rxd5 20.Rxd5 Rxd5 21.Rxd5 exd5 22.Bf2 Nf6
23.Qe3 Bd6 24.Bh3+ Kd8 25.f4 Ne4 26.Be1 Qc5 27.Qxc5 Bxc5 28.g4 Be3+ 29.Kd1 Bxf4
30.Bg2 Be5 31.b3 Kc7 32.Ke2 Nf6 33.g5 hxg5 34.hxg5 Nh5 35.Bd2 d4 36.Kf3 f5
37.g6 Kd7 38.Bf1 Nf6 39.Bd3 Ke6 40.Bc4+ Kd7 41.Bd3 Ke6 42.Bc4+ Nd5 43.a4 Kd6
44.Bc1 Nc3 45.Ba3+ Kd7 46.a5 Nb5 47.Bc5 Kc6 48.Bf8 Nc7 49.Bd3 Ne6 50.Be7 Kd7
51.Bh4 f4 52.Bf5 Kd6 53.Be1 Ng5+ 54.Kg4 Ne6 55.Be4 Nd8 56.Bd2 Nc6 57.Bf3 Ke6
58.Kg5 Bd6 59.Bg4+ Kd5 60.Bf3+ Ke6 61.Bg4+ Kd5 62.Bf3+ Ke6 63.Bg4+  1/2-1/2